O bosque encantado (Registo nº 1974)

Detalhes MARC
000 -Etiqueta do registo
Cabeçalho 00880nam a22003131 4500
005 - Identificador da versão
Campo de controlo 20240813121921.0
010 ## - Número internacional normalizado dos livros (ISBN)
Número (ISBN) 9724122484
021 ## - Número do Depósito Legal
Código do país PT
Número 149216/00
100 ## - Dados gerais de processamento
Dados gerais de processamento 20070620d2001 c y0pory5003 ba
102 ## - Pais de publicação ou produção
País de publicação Portugal
101 1# - Língua de publicação
Língua do texto, banda sonora, etc. Português
Língua do documento no original Inglês
106 ## - Campo de dados codificados: material textual
Dados codificados do material textual d
105 ## - Campo de dados codificados: livros
Dados codificados dos livros a z 000fy
215 ## - Descrição física 
Indicação específica da natureza do documento e extensão da espécie 93 p.
Outras indicações físicas muito il.
Dimensões 24 cm
200 1# - Titulo e menção de responsabilidade
Título próprio O bosque encantado
Primeira menção de responsabilidade texto de Gill Davies
Outras menções de responsabilidade il. Eric Kincaid
-- trad. Rosa Castro
225 2# - Colecção 
Título próprio da colecção Primeiros leitores
205 ## - Menção da edição
Menção da edição 1ª ed.
210 ## - Publicação, Distribuição, etc. 
Lugar da edição, distribuição, etc. Porto
Nome do editor, distribuidor, etc. Asa
Data da publicação, distribuição, etc. 2001
304 ## - Notas relativas a título e menção de responsabilidade 
Texto da nota Tít. orig.: Haunted house
606 ## - Nome comum usado como assunto
Número de registo de entrada de autoridade 0000001
Palavra de ordem Literatura estrangeira infantil
Subdivisão de assunto Conto
675 ## - Classificação Decimal Universal (CDU)
Notação 82-34
Edição
Língua da edição por
702 #1 - Nome de autor-pessoa física (responsabilidade secundária)
Número de registo de entrada de autoridade 0000626
Palavra de ordem Castro
Outra parte do nome não tomada para palavra de ordem Rosa
Código de função Tradutor
701 #1 - Nome de autor-pessoa física (co-responsabilidade principal)
Palavra de ordem Kincaid
Outra parte do nome não tomada para palavra de ordem Eric
Código de função Ilustrador / Técnico de desenho computorizado
700 #1 - Nome de autor-pessoa física (responsabilidade principal)
Número de registo de entrada de autoridade 0000624
Palavra de ordem Davies
Outra parte do nome não tomada para palavra de ordem Gill
942 ## - Elementos de entrada adicionados (Koha)
Tipo de item no Koha Livro
Exemplares
Situação do levantamento Origin of item (home branch) (coded) Biblioteca de empréstimo Código de barras Cota Circulation type (not for loan) Tipo de documento Nota do exemplar Damaged status
  Biblioteca Escolar da Coca Maravilhas Biblioteca Escolar da Coca Maravilhas BECM5718/02 8EST DAV   Livro Sem mensagem